Skyrim Holds Map Quiz - Statistics

General Stats
  • This quiz has been taken 94 times
  • The average score is 6 of 9
Answers on the Map
Answers color-coded by a green-red scale on the quiz's map according to % correct below.
 
Answer Stats
Answer % Correct
Whiterun Hold
86%
Falkreath Hold
79%
The Rift
75%
Winterhold
70%
The Reach
68%
Eastmarch
63%
Haafingar
60%
Hjaalmarch
56%
The Pale
54%
No matching quizzes found
Score Distribution
Percent of People with Each Score
Percentile by Number Answered
Your Score History
You have not taken this quiz